Gaming Quiz

Random Gaming or Quick Pick Quiz

Castlevania SotN: Olrox's Quarters Enemies Quiz Stats

 Plays Quiz not verified by Sporcle

Score 0/7 Timer 00:30
0 Plays Today
% Correct
Hammer
93%
Bloody
Zombie
87.3%
Skelerang
85.9%
Spectral Sword
[Lv. 13]
85.9%
Blade
80.3%
Valhalla Knight
78.9%
Olrox
76.1%

You're not logged in!

Compare scores with friends on all Sporcle quizzes.
OR
Log In

You Might Also Like...

Show Comments

Extras

Top Quizzes Today


Score Distribution

Your Account Isn't Verified!

In order to create a playlist on Sporcle, you need to verify the email address you used during registration. Go to your Sporcle Settings to finish the process.

Report this User

Report this user for behavior that violates our Community Guidelines.

Details: